[Event "Koge Jubilaeumsturnering 2017"]
[Site "Koge"]
[Date "2017.06.29"]
[Round "6"]
[White "Boe Olsen, Filip"]
[Black "Bjerre, Jonas Buhl"]
[Result "1-0"]
[WhiteElo "2235"]
[BlackElo "2330"]
[PlyCount "77"]
[EventDate "2017.??.??"]

1. d4 Nf6 2. c4 e6 3. Nc3 Bb4 4. e3 O-O 5. Nge2 Re8 6. a3 Bf8 7. d5 a5 8. g3
Na6 9. Bg2 Nc5 10. b3 exd5 11. cxd5 b6 12. O-O Ba6 13. Bb2 Nd3 14. Qc2 Ng4 15.
h3 Nxb2 16. hxg4 Nd3 17. Be4 Ne5 18. Bxh7+ Kh8 19. Be4 g6 20. Kg2 Bg7 21. Rh1+
Kg8 22. f3 Qe7 23. Nd4 c5 24. d6 Qxd6 25. Ndb5 Qb8 26. Rad1 Bb7 27. Nd5 a4 28.
bxa4 Bc6 29. g5 Bxb5 30. axb5 Rxa3 31. f4 Ng4 32. Kf3 Ne5+ 33. fxe5 Qxe5 34.
Rh4 Qxg5 35. Qh2 Ra4 36. Rh1 f6 37. Rg4 Qe5 38. Qh7+ Kf8 39. Qxg6 1-0

[Event "Koge Jubilaeumsturnering 2017"]
[Site "Koge"]
[Date "2017.06.30"]
[Round "7"]
[White "Bjerre, Jonas Buhl"]
[Black "Rozentalis, Eduardas"]
[Result "0-1"]
[WhiteElo "2330"]
[BlackElo "2509"]
[PlyCount "78"]
[EventDate "2017.??.??"]

1. e4 c6 2. d4 d5 3. Nc3 g6 4. h3 Bg7 5. Nf3 Nf6 6. e5 Ne4 7. Nxe4 dxe4 8. Ng5
c5 9. Bc4 O-O 10. c3 cxd4 11. cxd4 Nc6 12. Be3 Qa5+ 13. Kf1 h6 14. Nxe4 Rd8 15.
Rc1 Bf5 16. Nc5 Nxe5 17. Bd2 Qb6 18. dxe5 Qxb2 19. Nb3 Rac8 20. Kg1 Qxa2 21.
Ra1 Qc2 22. Be2 Be6 23. Qxc2 Rxc2 24. Bd1 Rcxd2 25. Nxd2 Bxe5 26. Rxa7 Rxd2 27.
Bf3 Bd4 28. Rxb7 Rxf2 29. Kh2 Be5+ 30. Kg1 Ra2 31. Rb1 Bg3 32. Rd1 g5 33. Bc6
Kg7 34. Bb7 f5 35. Bc6 Bc4 36. Rc1 e5 37. Bf3 Kf6 38. Bd1 Bd5 39. Bc2 e4 0-1

[Event "Koge Jubilaeumsturnering 2017"]
[Site "Koge"]
[Date "2017.06.30"]
[Round "7"]
[White "Ahlander, Bjorn"]
[Black "Boe Olsen, Filip"]
[Result "1/2-1/2"]
[WhiteElo "2423"]
[BlackElo "2235"]
[PlyCount "40"]
[EventDate "2017.??.??"]

1. d4 d5 2. c4 c6 3. Nc3 Nf6 4. Nf3 dxc4 5. a4 Bf5 6. Ne5 Nbd7 7. Nxc4 Nb6 8.
Ne3 Bg6 9. g3 a5 10. Bg2 e6 11. O-O Be7 12. b3 Nbd5 13. Bd2 Nb4 14. Be1 Nfd5
15. Nexd5 exd5 16. Rc1 Bf6 17. e3 Nd3 18. Ra1 Nb4 19. Rc1 Nd3 20. Ra1 Nb4
1/2-1/2

[Event "Koge Jubilaeumsturnering 2017"]
[Site "Koge"]
[Date "2017.06.30"]
[Round "7"]
[White "Fries Nielsen, Jens Ove"]
[Black "Antonsen, Mikkel"]
[Result "0-1"]
[WhiteElo "2353"]
[BlackElo "2453"]
[PlyCount "26"]
[EventDate "2017.??.??"]

1. d4 Nf6 2. Nc3 d5 3. Bf4 a6 4. e3 Bf5 5. Bd3 Bg6 6. h4 e6 7. h5 Bxd3 8. cxd3
Bd6 9. Bxd6 cxd6 10. Qf3 Nc6 11. Nge2 b5 12. g4 h6 13. Nf4 Rc8 0-1

[Event "Koge Jubilaeumsturnering 2017"]
[Site "Koge"]
[Date "2017.06.30"]
[Round "7"]
[White "Solodovnichenko, Yuri"]
[Black "Percivaldi, Martin"]
[Result "1-0"]
[WhiteElo "2583"]
[BlackElo "2433"]
[PlyCount "84"]
[EventDate "2017.??.??"]

1. e4 e6 2. d4 d5 3. Nc3 Bb4 4. e5 c5 5. a3 Bxc3+ 6. bxc3 Qa5 7. Bd2 Qa4 8. h4
Nc6 9. h5 h6 10. Nf3 Nge7 11. dxc5 Qe4+ 12. Qe2 Nf5 13. Bc1 b6 14. cxb6 axb6
15. Rb1 Ba6 16. Qxe4 dxe4 17. Rxb6 exf3 18. Rxa6 Rxa6 19. Bxa6 fxg2 20. Rg1 Nh4
21. Ke2 Nxe5 22. Bb7 g5 23. f4 Ng4 24. Bc6+ Kf8 25. a4 Kg7 26. a5 Rc8 27. Bb7
Rc5 28. a6 Ra5 29. c4 e5 30. fxg5 e4 31. gxh6+ Nxh6 32. Bxe4 Rxa6 33. Bxg2 Nxg2
34. Rxg2+ Kh7 35. Rf2 f6 36. Bxh6 Kxh6 37. Rf5 Kg7 38. Kd3 Ra1 39. c5 Kf7 40.
c6 Ke7 41. Rd5 Ke6 42. c7 Kxd5 1-0

[Event "Koge Jubilaeumsturnering 2017"]
[Site "Koge"]
[Date "2017.06.30"]
[Round "7"]
[White "Jacobsen, Mikkel Manosri"]
[Black "Okhotnik, Vladimir"]
[Result "0-1"]
[WhiteElo "2247"]
[BlackElo "2396"]
[PlyCount "68"]
[EventDate "2017.??.??"]

1. d4 Nf6 2. Nc3 d5 3. Bf4 c6 4. e3 g6 5. Nf3 Bg7 6. Bd3 O-O 7. h3 Nbd7 8. O-O
c5 9. Re1 a6 10. Ne5 e6 11. Nxd7 Nxd7 12. Bd6 Re8 13. dxc5 Qa5 14. Rb1 Nxc5 15.
b4 Qd8 16. bxc5 Bxc3 17. e4 Qa5 18. Re3 Bd4 19. Bb5 Bxe3 20. Bxe8 Bxc5 21.
Bxf7+ Kg7 22. Be5+ Kxf7 23. Qf3+ Ke8 24. exd5 Qxa2 25. Rb3 Qxc2 26. d6 Bd7 27.
Rxb7 Rc8 28. Qf6 Bxd6 29. Qh8+ Bf8 30. Qxh7 Qd3 31. h4 Rc5 32. f4 Rb5 33. Rc7
Rxe5 34. fxe5 Qe3+ 0-1

[Event "Koge Jubilaeumsturnering 2017"]
[Site "Koge"]
[Date "2017.07.01"]
[Round "8"]
[White "Rozentalis, Eduardas"]
[Black "Okhotnik, Vladimir"]
[Result "1/2-1/2"]
[WhiteElo "2509"]
[BlackElo "2396"]
[PlyCount "72"]
[EventDate "2017.??.??"]

1. e4 c5 2. Nf3 e6 3. g3 d5 4. exd5 Qxd5 5. Nc3 Qd8 6. Bg2 Nc6 7. O-O Nf6 8.
Ne2 Be7 9. d4 O-O 10. c3 cxd4 11. Nexd4 Bd7 12. Qe2 Qa5 13. Nb3 Qc7 14. Bf4 Bd6
15. Bxd6 Qxd6 16. Rad1 Qc7 17. Nc5 Rfd8 18. Nxd7 Rxd7 19. Rxd7 Nxd7 20. Rd1 Rd8
21. Nd4 Ndb8 22. Nxc6 Rxd1+ 23. Qxd1 Nxc6 24. Bxc6 bxc6 25. b4 e5 26. Qd3 g6
27. a4 Kf8 28. h4 h5 29. Qe3 Qe7 30. Kh2 Ke8 31. c4 Qxb4 32. Qxa7 g5 33. Qe3
gxh4 34. Qxe5+ Kf8 35. Qh8+ Ke7 36. Qe5+ Kf8 1/2-1/2

[Event "Koge Jubilaeumsturnering 2017"]
[Site "Koge"]
[Date "2017.07.01"]
[Round "8"]
[White "Percivaldi, Martin"]
[Black "Jacobsen, Mikkel Manosri"]
[Result "1-0"]
[WhiteElo "2433"]
[BlackElo "2247"]
[PlyCount "81"]
[EventDate "2017.??.??"]

1. Nf3 d5 2. g3 g6 3. Bg2 Bg7 4. d4 Nc6 5. O-O Bg4 6. c3 Qd7 7. Bf4 h6 8. Nbd2
g5 9. Be3 Bh3 10. b4 Bxg2 11. Kxg2 e6 12. Nb3 b6 13. Qd3 Nf6 14. b5 Ne7 15. Ne5
Qd8 16. c4 dxc4 17. Qxc4 Qd5+ 18. Qxd5 Nfxd5 19. Bd2 f5 20. a4 c5 21. bxc6 Bxe5
22. dxe5 Nxc6 23. f4 g4 24. e4 fxe4 25. Rae1 Nde7 26. Rxe4 O-O-O 27. Bb4 Nf5
28. Rc1 Kb7 29. a5 Rc8 30. Bd6 Nxa5 31. Nxa5+ bxa5 32. Rb1+ Kc6 33. Rc4+ Kd5
34. Ra4 Rc2+ 35. Kg1 Ne3 36. Rb5+ Kc6 37. Raxa5 Rc8 38. Rb3 Rg2+ 39. Kh1 Re2
40. Rc5+ Kd7 41. Rb7+ 1-0

[Event "Koge Jubilaeumsturnering 2017"]
[Site "Koge"]
[Date "2017.07.01"]
[Round "8"]
[White "Antonsen, Mikkel"]
[Black "Solodovnichenko, Yuri"]
[Result "1/2-1/2"]
[WhiteElo "2453"]
[BlackElo "2583"]
[PlyCount "62"]
[EventDate "2017.??.??"]

1. d4 d5 2. Nf3 c6 3. c4 e6 4. e3 Nf6 5. Bd3 dxc4 6. Bxc4 Bd6 7. O-O O-O 8. Nc3
b5 9. Bd3 Nbd7 10. a4 b4 11. Ne4 Nxe4 12. Bxe4 Ba6 13. Bd3 Bxd3 14. Qxd3 c5 15.
e4 cxd4 16. Qxd4 Nc5 17. Qxb4 Nd3 18. Qb5 Rb8 19. Qg5 Bc5 20. Qd2 Rb3 21. Ne1
Nxc1 22. Qxc1 Qb6 23. Ra2 a5 24. Nf3 Rd8 25. Qc2 g6 26. h3 Qb4 27. Rc1 Bb6 28.
Qe2 Kg7 29. Rc2 Rbd3 30. Ra1 Kg8 31. Rf1 Qxa4 1/2-1/2

[Event "Koge Jubilaeumsturnering 2017"]
[Site "Koge"]
[Date "2017.07.01"]
[Round "8"]
[White "Boe Olsen, Filip"]
[Black "Fries Nielsen, Jens Ove"]
[Result "1-0"]
[WhiteElo "2235"]
[BlackElo "2353"]
[PlyCount "21"]
[EventDate "2017.??.??"]

1. d4 Nf6 2. c4 d6 3. Nf3 Nbd7 4. Nc3 e5 5. d5 Be7 6. e4 Nc5 7. Qc2 a5 8. Be3
b6 9. h3 O-O 10. Be2 Bd7 11. O-O-O 1-0

[Event "Koge Jubilaeumsturnering 2017"]
[Site "Koge"]
[Date "2017.07.01"]
[Round "8"]
[White "Bjerre, Jonas Buhl"]
[Black "Ahlander, Bjorn"]
[Result "1-0"]
[WhiteElo "2330"]
[BlackElo "2423"]
[PlyCount "107"]
[EventDate "2017.??.??"]

1. e4 c5 2. Nf3 d6 3. d4 cxd4 4. Nxd4 Nf6 5. Nc3 a6 6. Bg5 e6 7. f4 Be7 8. Qf3
O-O 9. O-O-O Qc7 10. Bd3 Nc6 11. Nxc6 bxc6 12. e5 dxe5 13. Qh3 e4 14. Nxe4 Nxe4
15. Bxe4 g6 16. Bh6 Bf6 17. Bxf8 Qxf4+ 18. Kb1 Kxf8 19. Qf3 Qxf3 20. Bxf3 Rb8
21. c3 Ke7 22. Kc2 Bd7 23. Rhf1 h5 24. Be2 Be5 25. Bxa6 Bxh2 26. Bc4 f5 27. Rf3
e5 28. Rfd3 Rb7 29. Bf7 e4 30. Rxd7+ Rxd7 31. Rxd7+ Kxd7 32. Bxg6 Ke6 33. Bxh5
Bg1 34. b4 f4 35. c4 Ba7 36. c5 Kd5 37. Kc3 Bb8 38. Bf7+ Ke5 39. Kc4 f3 40.
gxf3 exf3 41. Bh5 f2 42. Be2 Ke6 43. a4 Bc7 44. b5 cxb5+ 45. axb5 Bf4 46. b6
Kd7 47. Bf1 Be3 48. Kb5 Kc8 49. c6 Bf4 50. Bh3+ Kb8 51. Kc4 Bg3 52. Kd5 Bf4 53.
Ke6 Bg3 54. Kd7 1-0

[Event "Koge Jubilaeumsturnering 2017"]
[Site "Koge"]
[Date "2017.07.02"]
[Round "9"]
[White "Ahlander, Bjorn"]
[Black "Rozentalis, Eduardas"]
[Result "1/2-1/2"]
[WhiteElo "2423"]
[BlackElo "2509"]
[PlyCount "23"]
[EventDate "2017.??.??"]

1. d4 Nf6 2. c4 e6 3. g3 Bb4+ 4. Bd2 a5 5. Bg2 d5 6. Nf3 dxc4 7. Qc2 Bd7 8.
Qxc4 Nd5 9. O-O Bc6 10. Ne5 O-O 11. Nxc6 Nxc6 12. e3 1/2-1/2

[Event "Koge Jubilaeumsturnering 2017"]
[Site "Koge"]
[Date "2017.07.02"]
[Round "9"]
[White "Solodovnichenko, Yuri"]
[Black "Boe Olsen, Filip"]
[Result "1-0"]
[WhiteElo "2583"]
[BlackElo "2235"]
[PlyCount "109"]
[EventDate "2017.??.??"]

1. e4 c6 2. d4 d5 3. Nc3 dxe4 4. Nxe4 Bf5 5. Ng3 Bg6 6. h4 h6 7. Nf3 Nf6 8. Ne5
Bh7 9. Bd3 Nbd7 10. Bxh7 Nxe5 11. dxe5 Qa5+ 12. Kf1 Nxh7 13. e6 Qd5 14. Qxd5
cxd5 15. Ne2 fxe6 16. Nf4 Nf6 17. Ng6 Rg8 18. Be3 e5 19. Nxe5 e6 20. Re1 Rc8
21. Re2 Bd6 22. Bxa7 Ra8 23. Bd4 Rxa2 24. Rh3 Ne4 25. g4 Ra4 26. c3 Ke7 27.
Rhe3 Ra6 28. c4 Ra1+ 29. Kg2 Rd1 30. Nf3 Rf8 31. cxd5 exd5 32. Bxg7 Rg8 33.
Bxh6 Rxg4+ 34. Kh3 Rg8 35. Re1 Rxe1 36. Rxe1 Kd7 37. Be3 Rf8 38. Kg2 Rg8+ 39.
Kf1 Rh8 40. Rd1 Kc6 41. Kg2 Rg8+ 42. Ng5 Be5 43. Rc1+ Kd6 44. Kh3 Bxb2 45. Rb1
Bf6 46. Rb6+ Ke7 47. Rxb7+ Kd6 48. Rb6+ Ke7 49. Nxe4 dxe4 50. Rb4 Ke6 51. Rxe4+
Kf5 52. Rf4+ Ke6 53. Rg4 Rh8 54. Re4+ Kf7 55. Rf4 1-0

[Event "Koge Jubilaeumsturnering 2017"]
[Site "Koge"]
[Date "2017.07.02"]
[Round "9"]
[White "Okhotnik, Vladimir"]
[Black "Percivaldi, Martin"]
[Result "1/2-1/2"]
[WhiteElo "2396"]
[BlackElo "2433"]
[PlyCount "138"]
[EventDate "2017.??.??"]

1. e4 e5 2. Nf3 Nc6 3. d4 exd4 4. Nxd4 Nf6 5. Nc3 Bb4 6. Nxc6 bxc6 7. Bd3 d5 8.
exd5 cxd5 9. O-O O-O 10. Bg5 c6 11. Qf3 Rb8 12. Ne2 Be7 13. Nd4 Rb6 14. b3 g6
15. b4 Ne4 16. Bxe7 Qxe7 17. Bxe4 dxe4 18. Qc3 Qxb4 19. Qxb4 Rxb4 20. Nxc6 Rc4
21. Nxa7 Bd7 22. Rfb1 Ra8 23. Nb5 Bxb5 24. Rxb5 Rxc2 25. g4 Rd8 26. Re5 Rdd2
27. Rf1 Re2 28. a4 Ra2 29. a5 h6 30. h4 Kg7 31. g5 hxg5 32. hxg5 e3 33. Kg2
Red2 34. Rxe3 Rxa5 35. Rg3 Rf5 36. Rg4 Kf8 37. Kg3 Rd3+ 38. f3 Ke7 39. Re4+ Kd6
40. Kg4 Rd2 41. f4 Rg2+ 42. Kf3 Rgxg5 43. Ra1 Rh5 44. Ra6+ Kd5 45. Ra5+ Kc6 46.
Ra6+ Kb5 47. Rea4 Rc5 48. R4a5+ Kc4 49. Rxc5+ Rxc5 50. Ra7 Rf5 51. Kg4 Kd5 52.
Ra5+ Ke4 53. Ra4+ Kd3 54. Ra3+ Kc4 55. Ra7 Kb5 56. Rc7 Kb6 57. Rc8 Kb7 58. Rc1
Rd5 59. Rf1 Rf5 60. Rc1 Rh5 61. Re1 Kc6 62. Rd1 Rd5 63. Rxd5 Kxd5 64. f5 g5 65.
Kxg5 Ke5 66. Kg4 f6 67. Kg3 Kxf5 68. Kf3 Ke5 69. Ke3 Kf5 1/2-1/2